Nové trendy v implementácii stratégie Balanced scorecard

Aktuálne komplexné systémy merania výkonnosti podniku. Model excelentnosti EFQM. Six sigma - metóda zlepšovania produktivity, výkonnosti a kvality poskytovaných výrobkov a služieb. Balanced scorecard (BSC). Implementácia Balanced scorecard. Výskumy zamerané na strategické riadenie realizované na Slo...

Ausführliche Beschreibung

Gespeichert in:
Bibliographische Detailangaben
1. Verfasser: Štofová, Lenka, 1989-
Format: Buchkapitel
Sprache:Slowakisch
Schlagworte:
Tags: Tag hinzufügen
Keine Tags, Fügen Sie das erste Tag hinzu!

MARC

LEADER 00000nla a2200000 4500
001 0227008
005 20240502073736.5
041 0 |a slo 
044 |a SK 
245 1 0 |a Nové trendy v implementácii stratégie Balanced scorecard  |c Lenka Štofová 
520 |a Aktuálne komplexné systémy merania výkonnosti podniku. Model excelentnosti EFQM. Six sigma - metóda zlepšovania produktivity, výkonnosti a kvality poskytovaných výrobkov a služieb. Balanced scorecard (BSC). Implementácia Balanced scorecard. Výskumy zamerané na strategické riadenie realizované na Slovensku a v zahraničí s dôrazom na metodiku Balanced scorecard. 
610 2 0 |a výkonnosť podniku 
610 2 0 |a riadenie podnikové 
610 2 0 |a metódy riadenia 
610 2 0 |a metóda BSC 
610 2 0 |a riadenie strategické 
100 1 |a Štofová, Lenka, 1989-